Cultura y desarrollo /

সংরক্ষণ করুন:
গ্রন্থ-পঞ্জীর বিবরন
প্রধান লেখক: Cuevas Molina, Rafael
বিন্যাস: পাঠ‍্য
বিষয়গুলি:
ট্যাগগুলো: ট্যাগ যুক্ত করুন
কোনো ট্যাগ নেই, প্রথমজন হিসাবে ট্যাগ করুন!

MARC

LEADER 00000 a a2200000 04500
001 18539
003
040
100 |a Cuevas Molina, Rafael  
245 |a Cultura y desarrollo /  |c Rafael Cuevas Molina 
650 |a CULTURA  
650 |a DESARROLLO ECONOMICO Y SOCIAL  
650 |a PLURALISMO CULTURAL  
650 |a GLOBALIZACION  
650 |a DESARROLLO SOSTENIBLE  
650 |a PROGRAMA DE ESTUDIOS  
773 |g número 32; páginas 83-100  
999 |c 19708  |d 19708